Open Data Biblioteca Nacional de Portugal


República Portuguesa: Ministério da Cultura
Biblioteca Nacional de Portugal

Catálogo da BNP: acesso por Identificadores Unívocos
Registos Bibliográficos associados ao registo de autoridade

Etiqueta de registo: 00254nam 2200025 450
001 2284689
003 http://id.bnportugal.gov.pt/bib/catbnp/2284689
100 ## $a20260417d2025 k y0pory01030103ba
101 0# $aeng$dpor
102 ## $aPT
105 ## $aa m 000yy
106 ## $ar
200 1# $aConjugated polymers for energy harvesting and smart sustainable electronics$fGuilherme Mendes Ferreira$gorient. Luís Miguel Nunes Pereira, Suman Nandy
210 #9 $a[S.l.$cs.n.],$d2025
215 ## $aXLVI, 213 p.$cil.$d30 cm
328 #1 $aTese dout. Nanotechnologies and nanosciences, Nova School of Science & Technology, Universidade Nova de Lisboa, 2025
700 #1 $aFerreira,$bGuilherme Mendes$31996187
702 #1 $aNandy,$bSuman$4727$31996188
702 #1 $aPereira,$bLuís Miguel Nunes$4727$31428745
801 #0 $aPT$bBN$gRPC
966 ## $lBN$mFGMON$x1
971 ## $cisantos$d20260417

OpendataBNP@bnportugal.pt | Mais informação sobre acesso aos dados BNP